| 000 | 01087nam a22002537a 4500 | ||
|---|---|---|---|
| 005 | 20170124103053.0 | ||
| 010 | _aB-175382 | ||
| 020 |
_c225.00 _a8188604070 |
||
| 035 | _aB-175382 | ||
| 037 | _bCen Lib/Ret | ||
| 040 |
_aDPL _bHN |
||
| 082 |
_aक _bभाटिया |
||
| 100 |
_aभाटिया, सुदर्शन _971170 |
||
| 245 |
_aलक्ष्य की पूर्ति / _c सुदर्शन भाटिया |
||
| 246 |
_aLakshya ki purti _bby Sudarshan Bhatiya |
||
| 260 |
_a दिल्ली _bसंगीता प्रकाशन _c2006 |
||
| 270 |
_a30/64, विश्वास नगर गली न.8, शाहदरा _b दिल्ली _e110032 |
||
| 300 |
_a184पृष्ठ. _c21सेमी(सजिल्द) |
||
| 650 |
_aहिंदी साहित्य _971171 |
||
| 650 |
_aहिंदी कहानी ऐतिहासिक-पात्र _971172 |
||
| 650 |
_aHindi literature _971173 |
||
| 650 |
_aHindi story historic - eligible _971174 |
||
| 942 |
_2ddc _cHN _hक _mभाटिया |
||
| 999 |
_c117286 _d117286 |
||